[Event "Titled Tuesday intern op 23rd Feb"]
[Site "Chess.com INT"]
[Date "2021.02.23"]
[Round "2"]
[White "Cuevas, Alex"]
[Black "Shen, Yue"]
[Result "1-0"]
[WhiteElo "2268"]
[BlackElo "2267"]
[PlyCount "109"]
[EventDate "2021.02.23"]
[EventType "swiss (blitz)"]
[EventRounds "11"]
[EventCountry "USA"]
[SourceTitle "CBM 200 Extra"]
[Source "ChessBase"]
[SourceDate "2021.03.31"]
[SourceVersion "1"]
[SourceVersionDate "2021.03.31"]
[SourceQuality "1"]

1. c4 Nf6 2. Nc3 c6 3. Nf3 d5 4. e3 Bf5 5. Qb3 Qb6 6. Qxb6 axb6 7. cxd5 Nxd5 8. Nxd5 cxd5 9. Bb5+ Bd7 10. Nd4 e5 11. Bxd7+ Nxd7 12. Nb5 Rc8 13. 0-0 Be7 14. d4 e4 15. f3 f5 16. fxe4 fxe4 17. Bd2 Rc2 18. Bc3 Rf8 19. Nc7+ Kd8 20. Ne6+ Kc8 21. Nxf8 Bxf8 22. Rf2 Rxf2 23. Kxf2 Nf6 24. h3 h5 25. Ke2 Kd7 26. Rc1 Bd6 27. Be1 g6 28. Bh4 Ne8 29. Rf1 Ke6 30. a3 b5 31. Rc1 Kd7 32. Kf2 b4 33. a4 Bf8 34. Bg3 Be7 35. Be5 Bg5 36. Ke2 Be7 37. Rf1 Ke6 38. g3 g5 39. Rc1 Kd7 40. Kd2 g4 41. hxg4 hxg4 42. Rh1 Nd6 43. Bxd6 Bxd6 44. Rh7+ Kc6 45. Rg7 Bxg3 46. Rxg4 Bd6 47. Rg6 Kd7 48. Kc2 Kc7 49. Kb3 b6 50. Rxd6 Kxd6 51. Kxb4 Kc6 52. b3 Kc7 53. Kb5 Kb7 54. b4 Kc7 55. a5 1-0

[Event "Titled Tuesday intern op 23rd Feb"]
[Site "Chess.com INT"]
[Date "2021.02.23"]
[Round "11"]
[White "Kekic, Armin"]
[Black "Shen, Yue"]
[Result "0-1"]
[WhiteElo "2188"]
[BlackElo "2267"]
[PlyCount "102"]
[EventDate "2021.02.23"]
[EventType "swiss (blitz)"]
[EventRounds "11"]
[EventCountry "USA"]
[SourceTitle "CBM 200 Extra"]
[Source "ChessBase"]
[SourceDate "2021.03.31"]
[SourceVersion "1"]
[SourceVersionDate "2021.03.31"]
[SourceQuality "1"]

1. e4 c6 2. d4 d5 3. Nc3 dxe4 4. Nxe4 Bf5 5. Ng3 Bg6 6. Nf3 Nd7 7. h4 h6 8. Bd3 Bxd3 9. Qxd3 e6 10. Bf4 Qa5+ 11. Bd2 Qc7 12. 0-0-0 Ngf6 13. Kb1 Be7 14. Ne4 c5 15. dxc5 Nxc5 16. Nxc5 Qxc5 17. Be3 Qa5 18. Qb3 0-0 19. Qxb7 Bb4 20. Bf4 Nd5 21. Bg3 Rac8 22. Rd3 Rc5 23. a3 Rb5 24. axb4 Qxb4 25. Qxb5 Qxb5 26. Rb3 Qc4 27. Ne5 Qe2 28. Rc1 a5 29. Nd3 Rc8 30. Ra3 Nb4 31. Nxb4 axb4 32. Rb3 Qd2 33. f3 f6 34. Be1 Qxg2 35. Bxb4 e5 36. c4 Kh7 37. c5 Qh3 38. c6 Qxh4 39. c7 Qf4 40. Be7 h5 41. Bd8 h4 42. Rbc3 h3 43. R3c2 g5 44. Rh1 Kg6 45. Rxh3 f5 46. Rch2 Kf7 47. Rh7+ Ke6 48. R2h6+ Kd5 49. Rd7+ Kc4 50. Rc6+ Kb5 51. Rg6 Qxf3 0-1

[Event "Titled Tuesday intern op 23rd Feb"]
[Site "Chess.com INT"]
[Date "2021.02.23"]
[Round "4"]
[White "Shen, Yue"]
[Black "Playa, Marcelo"]
[Result "1/2-1/2"]
[WhiteElo "2267"]
[BlackElo "2376"]
[PlyCount "99"]
[EventDate "2021.02.23"]
[EventType "swiss (blitz)"]
[EventRounds "11"]
[EventCountry "USA"]
[SourceTitle "CBM 200 Extra"]
[Source "ChessBase"]
[SourceDate "2021.03.31"]
[SourceVersion "1"]
[SourceVersionDate "2021.03.31"]
[SourceQuality "1"]

1. d4 e6 2. c4 Nf6 3. g3 Bb4+ 4. Bd2 Bxd2+ 5. Qxd2 0-0 6. Bg2 d5 7. Nf3 Qe7 8. cxd5 exd5 9. 0-0 Re8 10. e3 Ne4 11. Qc2 Bf5 12. Nh4 Bg6 13. Nxg6 hxg6 14. Nc3 Nxc3 15. bxc3 c6 16. c4 dxc4 17. Qxc4 Nd7 18. Rab1 Rab8 19. Rb3 Rec8 20. Rfb1 Rc7 21. Qa4 b5 22. Qa5 Nb6 23. Rc1 Rbc8 24. Rbc3 Nc4 25. Qa6 Qd6 26. Bf1 Nb6 27. Rc5 Nd5 28. Bxb5 Nb4 29. Qa5 Nxa2 30. R1c2 Nb4 31. Qxb4 cxb5 32. Qxb5 Rxc5 33. Rxc5 Rb8 34. Qc4 Qd7 35. Kg2 Qb7+ 36. d5 a6 37. Rc7 Qb5 38. Qxb5 axb5 39. d6 Rd8 40. Rb7 Rxd6 41. Rxb5 f6 42. h4 Kh7 43. Kf3 Kh6 44. e4 Kh7 45. Kg4 Rd2 46. f3 Rd4 47. Kf4 Rd3 48. Rb7 Rd6 49. Rb5 Rc6 50. Rb7 1/2-1/2

[Event "Titled Tuesday intern op 23rd Feb"]
[Site "Chess.com INT"]
[Date "2021.02.23"]
[Round "1"]
[White "Sirosh, Ilja"]
[Black "Shen, Yue"]
[Result "1-0"]
[WhiteElo "2400"]
[BlackElo "2267"]
[PlyCount "57"]
[EventDate "2021.02.23"]
[EventType "swiss (blitz)"]
[EventRounds "11"]
[EventCountry "USA"]
[SourceTitle "CBM 200 Extra"]
[Source "ChessBase"]
[SourceDate "2021.03.31"]
[SourceVersion "1"]
[SourceVersionDate "2021.03.31"]
[SourceQuality "1"]

1. e4 c6 2. d4 d5 3. exd5 cxd5 4. c4 Nf6 5. Nc3 Nc6 6. Nf3 Bg4 7. cxd5 Nxd5 8. Qb3 Bxf3 9. gxf3 Nb6 10. d5 Nd4 11. Bb5+ Nxb5 12. Nxb5 a6 13. Nc3 Qc7 14. Be3 Nd7 15. Rc1 Rc8 16. 0-0 Qb8 17. Ne4 g6 18. Bf4 Qa8 19. Rfe1 Rxc1 20. Bxc1 Bg7 21. Nd6+ Kf8 22. Nxb7 Bf6 23. Bh6+ Bg7 24. Bxg7+ Kxg7 25. Qc3+ Nf6 26. Rxe7 Rd8 27. d6 Rb8 28. Nc5 Qd5 29. Ne4 1-0

[Event "Madrid-chT 1819"]
[Site "Madrid"]
[Date "2019.03.02"]
[Round "12.4"]
[White "Ocana Lameiro, Oliver"]
[Black "Shen, Yue"]
[Result "1/2-1/2"]
[WhiteElo "2012"]
[BlackElo "2262"]
[PlyCount "78"]
[EventDate "2018.11.17"]
[EventType "team-tourn"]
[EventRounds "14"]
[EventCountry "ESP"]
[SourceTitle "CBM 189 Extra"]
[Source "ChessBase"]
[SourceDate "2019.06.03"]
[SourceVersion "1"]
[SourceVersionDate "2019.06.03"]
[SourceQuality "1"]
[WhiteTeam "San Fernando de Henares"]
[BlackTeam "Blanco y Negro"]
[WhiteTeamCountry "ESP"]
[BlackTeamCountry "ESP"]

1. c4 Nf6 2. Nc3 d5 3. cxd5 Nxd5 4. Nf3 b6 5. g3 Bb7 6. Bg2 Nxc3 7. bxc3 e6 8. 0-0 Be7 9. Ba3 c5 10. d4 Nd7 11. Re1 0-0 12. e4 Nf6 13. e5 Nd7 14. Nd2 Bxg2 15. Kxg2 b5 16. Nf3 Qc7 17. Qe2 Qc6 18. Qe4 Qxe4 19. Rxe4 Rac8 20. dxc5 Bxc5 21. Bb4 Nb6 22. Ba5 Na4 23. c4 b4 24. Ree1 Rc6 25. Rab1 Rb8 26. Rb3 Ra6 27. Bc7 Rb7 28. Bd6 Bxd6 29. exd6 Rxd6 30. Re5 Rc6 31. Rb5 Rxb5 32. cxb5 Rc2 33. a3 Rc3 34. Rxb4 Rxa3 35. Rd4 g6 36. Rd8+ Kg7 37. Rd7 Nc3 38. Rb7 Kf6 39. Nd4 Ra5 1/2-1/2

[Event "Madrid-chT 1819"]
[Site "Madrid"]
[Date "2018.11.25"]
[Round "2.5"]
[White "Shen, Yue"]
[Black "Martin Duque, Jesus"]
[Result "0-1"]
[WhiteElo "2271"]
[BlackElo "2357"]
[PlyCount "83"]
[EventDate "2018.11.17"]
[EventType "team-tourn"]
[EventRounds "14"]
[EventCountry "ESP"]
[SourceTitle "CBM 189 Extra"]
[Source "ChessBase"]
[SourceDate "2019.06.03"]
[SourceVersion "1"]
[SourceVersionDate "2019.06.03"]
[SourceQuality "1"]
[WhiteTeam "Blanco y Negro"]
[BlackTeam "Collado Villalba"]
[WhiteTeamCountry "ESP"]
[BlackTeamCountry "ESP"]

1. d4 Nf6 2. c4 e6 3. g3 c5 4. d5 exd5 5. cxd5 d6 6. Nc3 g6 7. Bg2 Bg7 8. Nf3 0-0 9. 0-0 Re8 10. Nd2 a6 11. a4 Nbd7 12. h3 Rb8 13. Nc4 Ne5 14. Na3 Nh5 15. e4 Bd7 16. a5 Qxa5 17. g4 Nf6 18. f4 Nexg4 19. hxg4 Nxg4 20. Nc2 Qd8 21. f5 Qh4 22. Bf4 Be5 23. Qd2 b5 24. b4 Rbc8 25. Bxe5 Rxe5 26. Rf3 gxf5 27. Qf4 cxb4 28. Nxb4 Rc4 29. Rxa6 Rxb4 30. Rg3 Qe7 31. Qh6 Rc4 32. Ra8+ Rc8 33. Rxc8+ Bxc8 34. Nxb5 f6 35. Bf3 Qb7 36. Bxg4 fxg4 37. Qxf6 Qxb5 38. Qxd6 Qb1+ 39. Kf2 Qc2+ 40. Kf1 Qxe4 41. Rc3 Qe1+ 42. Kg2 0-1

[Event "Madrid-chT 1718"]
[Site "Madrid"]
[Date "2018.01.28"]
[Round "7.35"]
[White "Yingrui, Lin"]
[Black "Shen, Yue"]
[Result "0-1"]
[WhiteElo "2142"]
[BlackElo "2275"]
[PlyCount "70"]
[EventDate "2017.11.19"]
[EventType "team-tourn"]
[EventRounds "14"]
[EventCountry "ESP"]
[SourceTitle "EXT 2019"]
[Source "ChessBase"]
[SourceDate "2018.10.10"]
[SourceVersion "1"]
[SourceVersionDate "2018.10.10"]
[SourceQuality "1"]
[WhiteTeam "La Casa del Ajedrez"]
[BlackTeam "Blanco y Negro"]
[WhiteTeamCountry "ESP"]
[BlackTeamCountry "ESP"]

1. d4 d5 2. Nf3 Nf6 3. g3 g6 4. Bg2 Bg7 5. 0-0 0-0 6. Nbd2 Bf5 7. Nh4 Be6 8. c4 c6 9. Qb3 Qc8 10. c5 Na6 11. Re1 Rb8 12. Nf1 Nh5 13. Be3 b6 14. cxb6 Rxb6 15. Qa3 Qb7 16. b3 Rc8 17. Rac1 Nc7 18. Bf3 Nb5 19. Qc5 Nf6 20. a4 Nd7 21. Qc2 Nxd4 22. Bxd4 Bxd4 23. e4 Ne5 24. Qd2 c5 25. Bg2 Rd8 26. a5 Rxb3 27. a6 Qb6 28. exd5 Bxd5 29. Rxe5 Bxg2 30. Rxe7 Bd5 31. Rce1 Rb2 32. Nf5 gxf5 33. Qg5+ Qg6 34. Re8+ Rxe8 35. Rxe8+ Kg7 0-1

[Event "Madrid-chT 1516"]
[Site "Madrid"]
[Date "2016.02.21"]
[Round "11.25"]
[White "Shen, Yue"]
[Black "Martin Duque, Jesus"]
[Result "1-0"]
[WhiteElo "2180"]
[BlackElo "2347"]
[PlyCount "103"]
[EventDate "2015.11.22"]
[EventType "team-tourn"]
[EventRounds "14"]
[EventCountry "ESP"]
[SourceTitle "EXT 2017"]
[Source "ChessBase"]
[SourceDate "2016.10.25"]
[SourceVersion "1"]
[SourceVersionDate "2016.10.25"]
[SourceQuality "1"]
[WhiteTeam "Blanco y Negro"]
[BlackTeam "Collado Villalba"]
[WhiteTeamCountry "ESP"]
[BlackTeamCountry "ESP"]

1. d4 Nf6 2. c4 c6 3. Nf3 d5 4. cxd5 cxd5 5. Bf4 Nc6 6. e3 Nh5 7. Bg5 h6 8. Bh4 g5 9. Bg3 Nxg3 10. hxg3 Bg7 11. Nc3 e6 12. Bd3 Bd7 13. a3 Qe7 14. Rc1 Rd8 15. b4 a6 16. Be2 Bc8 17. Na4 e5 18. dxe5 Nxe5 19. 0-0 Nc4 20. Nc3 Nxe3 21. fxe3 Qxe3+ 22. Kh2 Bxc3 23. Bd3 Bxb4 24. axb4 Be6 25. Qe2 Qxe2 26. Bxe2 Ke7 27. Rc7+ Rd7 28. Rc2 Rdd8 29. Rfc1 Rc8 30. Kg1 Rxc2 31. Rxc2 Kd6 32. Kf2 Bf5 33. Rc1 Re8 34. Rh1 Re6 35. Nd4 Rf6 36. Rxh6 Bg6+ 37. Ke3 Kc7 38. Rh1 Rb6 39. b5 axb5 40. Nxb5+ Kd7 41. Kd4 Be4 42. Rf1 Ke7 43. Rf2 f5 44. Nc3 Ke6 45. Nxe4 Rb4+ 46. Kc5 Rxe4 47. Bd3 Re5 48. Kd4 Kf6 49. Re2 Rxe2 50. Bxe2 g4 51. Kxd5 b6 52. Bd3 1-0

[Event "ESP-ch U18"]
[Site "Salobrena"]
[Date "2015.07.31"]
[Round "7"]
[White "Shen, Yue"]
[Black "Gonzalez Capacete, Jose Miguel"]
[Result "1-0"]
[WhiteElo "2248"]
[BlackElo "1977"]
[PlyCount "96"]
[EventDate "2015.07.27"]
[EventType "swiss"]
[EventRounds "9"]
[EventCountry "ESP"]
[SourceTitle "EXT 2016"]
[Source "ChessBase"]
[SourceDate "2015.10.08"]
[SourceVersion "1"]
[SourceVersionDate "2015.10.08"]
[SourceQuality "1"]

1. d4 d5 2. c4 e6 3. Nf3 Nf6 4. g3 Be7 5. Bg2 0-0 6. Qc2 b6 7. 0-0 Bb7 8. cxd5 exd5 9. Bf4 c5 10. Nc3 Nc6 11. Rfd1 Rc8 12. Qa4 c4 13. Bh3 Ra8 14. Ne5 Na5 15. b4 cxb3 16. axb3 Qe8 17. Nb5 a6 18. Nc7 Qxa4 19. Rxa4 Ra7 20. b4 Nc4 21. Nxc4 dxc4 22. d5 Rd8 23. Bg2 Bd6 24. Bxd6 Rxd6 25. Raa1 Rd8 26. e4 Ne8 27. Nb5 Raa8 28. Nc3 b5 29. h3 h5 30. f4 g6 31. Rd4 Kf8 32. e5 Rd7 33. d6 Bxg2 34. Kxg2 Nc7 35. Rdd1 Ne6 36. Rd5 Rda7 37. Kf3 Nd8 38. Ke3 Nc6 39. Rb1 Re8 40. Rc5 Nd8 41. Ra1 f6 42. Nxb5 Rf7 43. Nc7 Nb7 44. Nxe8 Nxc5 45. bxc5 Kxe8 46. Rxa6 fxe5 47. fxe5 Rf5 48. Kd4 c3 1-0

[Event "ESP-ch 79th"]
[Site "Linares"]
[Date "2014.08.26"]
[Round "2"]
[White "Arizmendi Martinez, Julen Luis"]
[Black "Shen, Yue"]
[Result "1/2-1/2"]
[WhiteElo "2544"]
[BlackElo "2266"]
[PlyCount "114"]
[EventDate "2014.08.25"]
[EventType "swiss"]
[EventRounds "9"]
[EventCountry "ESP"]
[SourceTitle "CBM 162 Extra"]
[Source "ChessBase"]
[SourceDate "2014.10.17"]
[SourceVersion "1"]
[SourceVersionDate "2014.10.17"]
[SourceQuality "1"]

1. d4 d5 2. c4 e6 3. Nc3 Be7 4. Nf3 Nf6 5. Bg5 h6 6. Bxf6 Bxf6 7. Qb3 dxc4 8. Qxc4 b6 9. e4 Ba6 10. Qa4+ Qd7 11. Bxa6 Qxa4 12. Nxa4 Nxa6 13. Ke2 0-0-0 14. e5 Be7 15. a3 c5 16. Rac1 Kb7 17. Rhd1 cxd4 18. Nxd4 Bg5 19. Rc2 Rd5 20. Nf3 Rxd1 21. Kxd1 Rd8+ 22. Ke2 Be7 23. Nc3 Nc7 24. g3 a6 25. h4 Nd5 26. Ne4 b5 27. h5 Nb6 28. Nfd2 Rd5 29. f4 f6 30. Nf3 Nc4 31. Nc3 Rd8 32. a4 Kb6 33. axb5 axb5 34. exf6 gxf6 35. Nd2 Na5 36. Nd1 f5 37. Nf2 Bf6 38. g4 Nc6 39. Nf3 Nb4 40. Rd2 Nd5 41. gxf5 Nxf4+ 42. Ke3 Rxd2 43. Nxd2 Nxh5 44. fxe6 Ng7 45. Ng4 Bg5+ 46. Kd3 Nxe6 47. Nf3 Nc5+ 48. Kc2 Bf4 49. Nf6 Bg3 50. Nd4 Ka6 51. Nf5 Bf4 52. b4 Ne6 53. Kd3 Bc1 54. Ke4 Nc7 55. Ng4 Bd2 56. Ngxh6 Bxb4 57. Nd4 Bc5 1/2-1/2

[Event "Benidorm op U2300 11th"]
[Site "Benidorm"]
[Date "2012.11.30"]
[Round "1"]
[White "Parligras, Cosmin"]
[Black "Shen, Yue"]
[Result "1-0"]
[WhiteElo "2298"]
[BlackElo "2137"]
[PlyCount "73"]
[EventDate "2012.11.30"]
[EventType "swiss"]
[EventRounds "10"]
[EventCountry "ESP"]
[SourceTitle "EXT 2014"]
[Source "ChessBase"]
[SourceDate "2013.11.20"]
[SourceVersion "1"]
[SourceVersionDate "2013.11.20"]
[SourceQuality "1"]

1. c4 Nf6 2. Nf3 e6 3. Nc3 d5 4. d4 Be7 5. e3 c6 6. Bd3 0-0 7. 0-0 dxc4 8. Bxc4 b5 9. Bd3 Nbd7 10. e4 Bb7 11. a3 a6 12. e5 Nd5 13. Nxd5 cxd5 14. Bb1 Re8 15. Qd3 Nf8 16. Bd2 a5 17. Rc1 Ba6 18. b4 Qd7 19. Ng5 h6 20. Nh3 Rec8 21. Rd1 Rc6 22. Qg3 Kh8 23. Nf4 f5 24. exf6 Bxf6 25. Ng6+ Kg8 26. Bxh6 Bb7 27. Bg5 Qf7 28. Bxf6 Qxf6 29. Ne5 Rca6 30. bxa5 Rxa5 31. Qb3 Qe7 32. Rd3 b4 33. a4 Qc7 34. Bc2 Ba6 35. Rh3 Bb5 36. Qf3 Be8 37. Rh8+ 1-0

[Event "Calvia Amateur op 9th"]
[Site "Calvia"]
[Date "2012.10.14"]
[Round "9"]
[White "Shen, Yue"]
[Black "Tolhuizen, Ludo"]
[Result "1-0"]
[WhiteElo "2120"]
[BlackElo "2186"]
[PlyCount "53"]
[EventDate "2012.10.06"]
[EventType "swiss"]
[EventRounds "9"]
[EventCountry "ESP"]
[SourceTitle "EXT 2013"]
[Source "ChessBase"]
[SourceDate "2012.11.22"]
[SourceVersion "1"]
[SourceVersionDate "2012.11.22"]
[SourceQuality "1"]

1. d4 e6 2. c4 f5 3. g3 Nf6 4. Bg2 c6 5. Nf3 d5 6. 0-0 Bd6 7. Nc3 0-0 8. Qc2 Ne4 9. Rb1 Bd7 10. c5 Bc7 11. b4 a6 12. a4 Be8 13. Bh3 Qf6 14. Be3 Nd7 15. Nxe4 dxe4 16. Nd2 g5 17. b5 axb5 18. axb5 Qh6 19. Bg2 Nf6 20. h4 f4 21. hxg5 Qxg5 22. gxf4 Qh4 23. Qb3 Ng4 24. Rfd1 Bxf4 25. Bxf4 Rxf4 26. Qg3 Qf6 27. Nxe4 1-0

[Event "Calvia Amateur op 9th"]
[Site "Calvia"]
[Date "2012.10.09"]
[Round "4"]
[White "Shen, Yue"]
[Black "Voiteanu, Christian Gabriel"]
[Result "1-0"]
[WhiteElo "2120"]
[BlackElo "2298"]
[PlyCount "111"]
[EventDate "2012.10.06"]
[EventType "swiss"]
[EventRounds "9"]
[EventCountry "ESP"]
[SourceTitle "EXT 2013"]
[Source "ChessBase"]
[SourceDate "2012.11.22"]
[SourceVersion "1"]
[SourceVersionDate "2012.11.22"]
[SourceQuality "1"]

1. d4 Nf6 2. c4 g6 3. g3 Bg7 4. Bg2 d5 5. cxd5 Nxd5 6. Nf3 0-0 7. 0-0 Nb6 8. Nc3 Nc6 9. e3 Re8 10. Re1 e5 11. d5 Na5 12. e4 c6 13. b3 Bg4 14. Ba3 cxd5 15. exd5 e4 16. Nxe4 Nxd5 17. Rc1 Nc6 18. Nd6 Rxe1+ 19. Qxe1 Bf8 20. Nxb7 Qf6 21. Bxf8 Bxf3 22. Bd6 Nd4 23. Be5 Qg5 24. Bxd4 Bxg2 25. Qe5 Qxe5 26. Bxe5 Bf3 27. Nd6 f6 28. Bd4 a5 29. Bc5 Ra6 30. Nb5 Nb4 31. Nd4 Bd5 32. a3 Nc6 33. Nb5 Ne5 34. Nc7 Nf3+ 35. Kg2 Bb7 36. Nxa6 Nd2+ 37. Kg1 Nf3+ 38. Kg2 Nd2+ 39. f3 Bxa6 40. b4 axb4 41. axb4 Bb5 42. Kf2 Kf7 43. Ra1 g5 44. Ra7+ Kg6 45. Rb7 Bc6 46. Rb6 Bd5 47. Bd4 h6 48. Rxf6+ Kh7 49. Be3 Nc4 50. b5 g4 51. b6 gxf3 52. b7 Ne5 53. Rxh6+ Kg7 54. b8Q Ng4+ 55. Ke1 f2+ 56. Bxf2 1-0

[Event "EU-ch U16"]
[Site "Prague"]
[Date "2012.08.25"]
[Round "9"]
[White "Magee, Ronan"]
[Black "Shen, Yue"]
[Result "1-0"]
[WhiteElo "1981"]
[BlackElo "2139"]
[PlyCount "119"]
[EventDate "2012.08.17"]
[EventType "swiss"]
[EventRounds "9"]
[EventCountry "CZE"]
[SourceTitle "CBM 150 Extra"]
[Source "ChessBase"]
[SourceDate "2012.10.19"]
[SourceVersion "1"]
[SourceVersionDate "2012.10.19"]
[SourceQuality "1"]

1. e4 c5 2. Nf3 d6 3. d4 cxd4 4. Nxd4 Nf6 5. Nc3 a6 6. Bc4 e6 7. Bb3 Nbd7 8. Qe2 Nc5 9. Bg5 Be7 10. 0-0-0 Qc7 11. Kb1 0-0 12. f4 h6 13. h4 b5 14. e5 dxe5 15. fxe5 Nh7 16. Bd5 Bb7 17. Bxb7 Qxb7 18. Bxe7 Qxe7 19. Qh5 b4 20. Nce2 Rfc8 21. Rh3 Rab8 22. Rg3 Ne4 23. Re3 Nc5 24. Rg3 Qf8 25. Qf3 a5 26. Nf4 Na4 27. Nh5 g6 28. Rf1 Rc7 29. Qd3 Nc5 30. Qe3 Kh8 31. Nf4 Qe8 32. Nh3 Kg7 33. Nf4 Kh8 34. Nh3 Qf8 35. Nf4 Qd8 36. h5 g5 37. Nfe2 Qe8 38. Rgf3 Kg7 39. g4 a4 40. Nc1 Na6 41. Qe2 Ra7 42. Qf2 Rbb7 43. Nd3 Ra8 44. Qe2 Rc8 45. Qe4 Rcc7 46. R1f2 Nb8 47. Rf1 Kg8 48. Nc5 Ra7 49. Nd3 Na6 50. R3f2 Kg7 51. Rf3 Kh8 52. R3f2 Nc5 53. Qe3 Nxd3 54. Qxd3 Rc5 55. Qe3 Rac7 56. Qe4 Rd5 57. Nf5 Qb5 58. Nxh6 Rxe5 59. Qa8+ Kg7 60. Qg8+ 1-0

[Event "EU-ch U16"]
[Site "Prague"]
[Date "2012.08.22"]
[Round "6"]
[White "Shen, Yue"]
[Black "Binder, Moriz"]
[Result "1/2-1/2"]
[WhiteElo "2139"]
[BlackElo "1986"]
[PlyCount "138"]
[EventDate "2012.08.17"]
[EventType "swiss"]
[EventRounds "9"]
[EventCountry "CZE"]
[SourceTitle "CBM 150 Extra"]
[Source "ChessBase"]
[SourceDate "2012.10.19"]
[SourceVersion "1"]
[SourceVersionDate "2012.10.19"]
[SourceQuality "1"]

1. d4 Nf6 2. c4 e6 3. g3 d5 4. Bg2 Bb4+ 5. Bd2 Be7 6. Nf3 0-0 7. 0-0 c6 8. Qc2 b6 9. b3 Nbd7 10. Bf4 Ba6 11. Rd1 Nh5 12. Bc1 f5 13. a4 Nhf6 14. cxd5 cxd5 15. Qc6 Rc8 16. Qxe6+ Kh8 17. e3 Ne4 18. Bf1 Bb7 19. Bb5 Nb8 20. Ba3 Bxa3 21. Nxa3 a6 22. Bd3 Rc6 23. Qe5 Nd7 24. Qf4 g5 25. Nxg5 Qxg5 26. Qxg5 Nxg5 27. Rac1 Nb8 28. Rxc6 Nxc6 29. Rc1 Rf6 30. Be2 Ne4 31. Nb1 Na5 32. f3 Ng5 33. h4 Nf7 34. Rc7 Nd6 35. Nd2 Rf7 36. Rc3 Rf8 37. Rc7 Rc8 38. Rd7 Rc2 39. b4 Nc6 40. b5 axb5 41. axb5 Na5 42. Rxd6 Rxd2 43. Kf1 Kg7 44. Rxb6 Rb2 45. h5 Bc8 46. h6+ Kf7 47. f4 Nc4 48. Rb8 Nxe3+ 49. Ke1 Bd7 50. Bh5+ Ke6 51. b6 Ng4 52. Bxg4 fxg4 53. Rh8 Rxb6 54. Rxh7 Rb1+ 55. Kf2 Rh1 56. f5+ Kd6 57. f6 Bf5 58. Ra7 Bd3 59. Ke3 Bc2 60. f7 Rf1 61. Ke2 Rf3 62. h7 Bxh7 63. f8Q+ Rxf8 64. Rxh7 Rf3 65. Rh4 Rxg3 66. Rh6+ Ke7 67. Rg6 Kd7 68. Rg5 Ke6 69. Re5+ Kd6 1/2-1/2